000 00803nam a2200253 a 4500
001 BRL_1010
005 20190320211008.0
008 311013s1973----mx-a######---#000-0#spa-#
041 _aspa
044 _amx
050 4 _aF1221.C58
_b.T87 1973
100 1 _aTurner, Paul R.
_925564
245 1 0 _aLos chontales de los altos
_cPaul R. Turner ; traducción de Carmen Viqueira de Palerm.
260 _aMéxico
_bSecretaría de Educación Pública
_c1973
300 _a175 p.
_bil.
_c17 cm.
440 0 _aSepsetentas
_v119
_922717
500 _aAu1104
500 _aTraducción de: The higland chontal
650 1 4 _aChontales
_xCondiciones sociales
_925565
650 1 4 _aChontales
_xVida social y costumbres
_925566
700 1 _aViqueira de Palerm, Carmen
_etr.
_925567
902 _aGRL
942 _2lcc
_cB
999 _c9822
_d9822